Confederations Cup Final Goalscorers 1992-2017 - Statistics

General Stats
  • This quiz has been taken 2 times
  • The average score is 11 of 35
Answer Stats
Tournament Nation Score Player % Correct
2013 Brazil Brazil 2-0 Neymar
100%
2005 Germany Brazil 3-0 Ronaldinho
100%
1997 Saudi Arabia Brazil 1-0 Ronaldo
100%
1997 Saudi Arabia Brazil 2-0 Ronaldo
100%
1997 Saudi Arabia Brazil 5-0 Ronaldo
100%
2005 Germany Brazil 1-0 Adriano
50%
2005 Germany Brazil 4-0 Adriano
50%
2009 South Africa USA 1-0 Clint Dempsey
50%
2005 Germany Brazil 2-0 Kaka
50%
2009 South Africa USA 2-0 Landon Donovan
50%
2017 Russia Germany 1-0 Lars Stindl
50%
1995 Saudi Arabia Denmark 1-0 Michael Laudrup
50%
1997 Saudi Arabia Brazil 3-0 Romario
50%
1997 Saudi Arabia Brazil 4-0 Romario
50%
1997 Saudi Arabia Brazil 6-0 Romario
50%
1992 Saudi Arabia Saudi Arabia 3-1 Saeed Al-Owairan
50%
2003 France France 1-0 Thierry Henry
50%
1992 Saudi Arabia Argentina 2-0 Claudio Caniggia
0%
1999 Mexico Mexico 4-2 Cuauhtemoc Blanco
0%
1992 Saudi Arabia Argentina 3-0 Diego Simeone
0%
2013 Brazil Brazil 1-0 Fred
0%
2013 Brazil Brazil 3-0 Fred
0%
1999 Mexico Mexico 2-0 Jose Abundis
0%
1992 Saudi Arabia Argentina 1-0 Leonardo Rodriguez
0%
2009 South Africa Brazil 3-2 Lucio
0%
2009 South Africa Brazil 2-1 Luis Fabiano
0%
2009 South Africa Brazil 2-2 Luis Fabiano
0%
1999 Mexico Mexico 1-0 Miguel Zepeda
0%
1999 Mexico Mexico 3-2 Miguel Zepeda
0%
2005 Germany Argentina 4-1 Pablo Aimar
0%
2001 Japan France 1-0 Patrick Vieira
0%
1995 Saudi Arabia Denmark 2-0 Peter Rasmussen
0%
1999 Mexico Brazil 2-2 Roni
0%
1999 Mexico Brazil 2-1 Serginho
0%
1999 Mexico Brazil 4-3 Ze Roberto
0%
No matching quizzes found
Score Distribution
Percent of People with Each Score
Percentile by Number Answered
Your Score History
You have not taken this quiz